Sports - General Knowledge - Level 3 - Statistics

General Stats
  • This quiz has been taken 72 times
  • The average score is 4 of 15
Answer Stats
Hint Answer % Correct
colour jersey worn by le tour's leader yellow
87%
home to the red socks and the celtics boston
78%
liverpool major rival everton
73%
known as the special one (first name is fine) jose
44%
club that man united signed ronaldo from porto
24%
famous lady who interviewed lance armstrong following his confession oprah
20%
city home to the scorchers, dockers, eagles and force perth
18%
city home to the 2018 commonwealth games gold coast
13%
winner of inaugral a-league sydney fc
7%
west coast sad story involving a drug addict named... cousins
5%
NRL team stripped of 2007 and 2009 premierships storm
5%
souths hooker sadly suspended for their GF win in 2014 luke
2%
coached the most afl senior games malthouse
2%
nickname of liverpool legend who played in the a-league god
0%
nickname of the nrl commentator all QLD's love to hate gus
0%
No matching quizzes found
Score Distribution
Percent of People with Each Score
Percentile by Number Answered
Your Score History
You have not taken this quiz